000 01967nam a2200289Ia 4500
005 20181005090902.0
008 130821s1590 it fr 1 latsd
040 _aCo-BoUCM
_bspa
_cSandra Yazo
_dSandra Yazo
041 0 _alat
082 0 4 _a348.044
_220
092 _aE09N003
100 1 _aTessauro, Antonino
_964071
_d1521-1586
242 0 0 _aNuevas sentencias del Tribunal Supremo del Piamonte
_cAutor y recopilador Antonino Tessauro
_yspa
245 1 0 _aNovae Decisiones Sacri Senatus Pedemontani ...
_cAuthore, & collectore Antonino Tessauro
260 _aAugustae Taurinorum [Turín] (Italia)
_bApud Io. Dominicum Tarino [En los talleres de Juan Domingo Tarino]
_c1590
300 _a[22], 236, [24] folios
_c35 x 24 cm.
500 _aDetalles físicos: Encuadernación flexible en pergamino, desencuadernado. Tapas y lomo con roturas, arrugas y suciedad. Guardas se conservan parcialmente. Portada impresa en dos tintas con escudo heráldico y marca de propiedad. Grabado de página entera del autor, firmado. Versos latinos de elogio al autor y su obra. Dedicatoria. Índice de capítulos. Cenefas. Mayúsculas capitales. Texto impreso en dos columnas, varios tipos y tamaños de letra. Sumario y párrafos numerados. Signaturas y reclamos. Registro de cuadernillos y fe de erratas. Márgenes amplios. Marcas impresas con manos señalando el texto. Varios subrayados entre el texto. En el encabezamiento del prefacio marca de propiedad manuscrita. Perteneció a la biblioteca de Fray Cristóbal de Torres
505 0 _aTribunal Supremo de Piamonte, comentario y explicación de sentencias: 1 – 270
506 _aConsulta en sala
546 _aTexto en latín
650 7 _aDerecho civil
_xObras anteriores a 1800
_929560
650 7 _aDerecho eclesiástico
_xObras anteriores a 1800
_929561
650 7 _aJurisprudencia
_zItalia
_918175
653 _aAmbos derechos
690 _aDerecho civil
_912711
942 _cLIBRO
_a8
_e1
_2LOCAL
_hE09N003
999 _c72142
_d72142